000 00425nam a2200181Ia 4500
003 LK-CoDNM
005 20240129131347.0
008 010623t1924 xxu||||| |||| 00| 1 sin d
040 _aLK-CoDNM
_dLK-CoDNM
_eLK-CoDNM
041 _asin
080 _a104
_bN 2
100 _aRanasinghe,D.E.
245 _aආසියාව
246 _aAsia
260 _bMaha Bhodi
_aColombo
_c1924
300 _b106p, 21 cm
942 _cBK
999 _c92299
_d92299